[Event "FIRST SATURDAY IM  FEB 2013"]
[Site "Budapest"]
[Date "2013.02.08"]
[Round "6.4"]
[White "Szalanczy, Emil"]
[Black "Lyell, Mark"]
[Result "0-1"]
[WhiteElo "2234"]
[BlackElo "2200"]
[PlyCount "88"]
[EventDate "2012.02.02"]

1. e4 c6 2. d4 d5 3. Nc3 dxe4 4. Nxe4 Nf6 5. Nxf6+ gxf6 6. Ne2 h5 7. Be3 h4 8.
Nc3 Bf5 9. d5 e6 10. dxe6 Qxd1+ 11. Rxd1 fxe6 12. Bd3 Bxd3 13. Rxd3 Nd7 14. Ne4
f5 15. Ng5 e5 16. Ke2 Nf6 17. Rhd1 Be7 18. Rb3 b6 19. Nf3 Ng4 20. h3 Nxe3 21.
Rxe3 e4 22. Nd4 Bc5 23. b4 Bxd4 24. Rxd4 Rg8 25. Rd6 Rxg2 26. Rxc6 Kf7 27. b5
Re8 28. Kf1 Rg7 29. Rc7+ Re7 30. Rxe7+ Kxe7 31. Rc3 Kd6 32. Rc6+ Ke5 33. a4 f4
34. Rh6 Rc7 35. Rh5+ Kd4 36. Rxh4 f3 37. Rh8 Rxc2 38. Rd8+ Ke5 39. Kg1 Ra2 40.
h4 Kf4 41. h5 Kg5 42. Rd5+ Kh6 43. Rd4 Ra1+ 44. Kh2 e3 0-1

[Event "FIRST SATURDAY IM  FEB 2013"]
[Site "Budapest"]
[Date "2013.02.08"]
[Round "6.5"]
[White "Koczo, Kristof"]
[Black "Szeberenyi, Adam"]
[Result "1/2-1/2"]
[WhiteElo "2236"]
[BlackElo "2328"]
[PlyCount "117"]
[EventDate "2012.02.02"]

1. d4 Nf6 2. c4 c5 3. d5 b5 4. Nd2 Qa5 5. Qc2 bxc4 6. e4 Ba6 7. Bxc4 d6 8. Ngf3
Bxc4 9. Qxc4 Qa6 10. b3 Qxc4 11. bxc4 g6 12. Ke2 Bg7 13. Rb1 Nbd7 14. Bb2 O-O
15. Kd3 Rab8 16. Bxf6 Bxf6 17. Rxb8 Rxb8 18. Rb1 Rb4 19. Rxb4 cxb4 20. Nb3 e6
21. Na5 Nc5+ 22. Ke3 Bd8 23. Nc6 Bb6 24. Ne7+ Kf8 25. Nc8 Na4+ 26. Nxb6 Nxb6
27. Kd3 Na4 28. Nd2 Nc5+ 29. Kc2 Ke7 30. f3 Kf6 31. Nb3 Nb7 32. Nd4 a5 33. Nc6
e5 34. Kd2 Kg5 35. Ke3 f5 36. g3 fxe4 37. h4+ Kh5 38. Kxe4 b3 39. axb3 Nc5+ 40.
Ke3 Nxb3 41. c5 Nxc5 42. Nxa5 g5 43. hxg5 Kxg5 44. Nc4 Nb7 45. Ke2 Kf5 46. Ke3
h5 47. Kd3 e4+ 48. Ke3 exf3 49. Kxf3 Kg5 50. Kg2 Kf6 51. Kh3 Kg5 52. Kg2 Kf5
53. Kh3 Ke4 54. Kh4 Kxd5 55. Nxd6 Nxd6 56. Kxh5 Ne4 57. g4 Nf6+ 58. Kh4 Nxg4
59. Kxg4 1/2-1/2

[Event "FIRST SATURDAY IM  FEB 2013"]
[Site "Budapest"]
[Date "2013.02.09"]
[Round "7.1"]
[White "Szeberenyi, Adam"]
[Black "Farkas, Lajos Dr"]
[Result "0-1"]
[WhiteElo "2328"]
[BlackElo "2228"]
[PlyCount "70"]
[EventDate "2012.02.02"]

1. d4 Nf6 2. Nf3 g6 3. c4 Bg7 4. Nc3 d5 5. Bf4 O-O 6. Rc1 dxc4 7. e3 Be6 8. Ng5
Bd5 9. Nxd5 Nxd5 10. Bxc4 Nxf4 11. Qf3 e6 12. Qxf4 c5 13. O-O cxd4 14. Rfd1 Nc6
15. exd4 Nxd4 16. h4 h6 17. Ne4 e5 18. Qg4 Kh8 19. Ng3 Qc8 20. Qe4 f5 21. Qe1
Qd8 22. Ne2 Qxh4 23. Nxd4 exd4 24. Bd5 Rae8 25. Qa5 Re5 26. Re1 Qd8 27. Qxd8
Rxd8 28. Rxe5 Bxe5 29. Bxb7 d3 30. b3 d2 31. Rd1 Bc3 32. f4 Re8 33. Kf2 Re1 34.
Bf3 Bd4+ 35. Kg3 Be3 0-1

[Event "FIRST SATURDAY IM  FEB 2013"]
[Site "Budapest"]
[Date "2013.02.09"]
[Round "7.2"]
[White "Lyell, Mark"]
[Black "Koczo, Kristof"]
[Result "1-0"]
[WhiteElo "2200"]
[BlackElo "2236"]
[PlyCount "145"]
[EventDate "2012.02.02"]

1. e4 c6 2. d4 d5 3. e5 e6 4. Bd3 b6 5. Qe2 a5 6. Nf3 Ba6 7. c4 dxc4 8. Bxc4
Bxc4 9. Qxc4 Ne7 10. Nc3 Nd5 11. Ne4 Qc8 12. O-O Qa6 13. Qb3 a4 14. Qd1 h6 15.
a3 Ra7 16. Be3 Rd7 17. Qc2 Be7 18. Nfd2 b5 19. Nc5 Bxc5 20. Qxc5 Qb6 21. Qc2
O-O 22. Ne4 Rfd8 23. Rac1 Rc7 24. Qe2 Nd7 25. Qg4 Kf8 26. Qh4 Qb8 27. Bd2 Kg8
28. Bxh6 gxh6 29. Qxh6 f6 30. exf6 Nf8 31. Ng5 Rdd7 32. Rfe1 Rh7 33. Nxh7 Rxh7
34. Qg5+ Kf7 35. Qe5 Qb6 36. Rc5 Nxf6 37. Qd6 Qa5 38. Rec1 Qd2 39. R5c2 Qh6 40.
Rxc6 Kg8 41. Rc8 Rf7 42. R1c2 Qh5 43. f3 Qf5 44. Qe5 Qd3 45. h3 Kh7 46. R2c7
N6d7 47. Rxd7 Rxd7 48. Rxf8 Qxd4+ 49. Qxd4 Rxd4 50. Rb8 Rd1+ 51. Kh2 Rd5 52. h4
Kg6 53. Kh3 Rf5 54. Kg4 Rc5 55. h5+ Kh6 56. f4 Kg7 57. g3 Kf6 58. Kh4 e5 59.
fxe5+ Rxe5 60. g4 Kg7 61. Rb6 Kf7 62. h6 Rd5 63. g5 Rc5 64. g6+ Ke7 65. Rb8
Rc4+ 66. Kg5 Rc5+ 67. Kf4 Rc4+ 68. Ke5 Rh4 69. h7 Rh5+ 70. Kd4 Rh4+ 71. Kc5
Rh5+ 72. Kb4 Rh2 73. h8=Q 1-0

[Event "FIRST SATURDAY IM  FEB 2013"]
[Site "Budapest"]
[Date "2013.02.09"]
[Round "7.3"]
[White "Balint, Vilmos"]
[Black "Szalanczy, Emil"]
[Result "1-0"]
[WhiteElo "2254"]
[BlackElo "2234"]
[PlyCount "215"]
[EventDate "2012.02.02"]

1. e4 c5 2. Nf3 d6 3. d4 cxd4 4. Nxd4 Nf6 5. Nc3 g6 6. Be2 Bg7 7. Nb3 Nc6 8. g4
Be6 9. g5 Nd7 10. Be3 Rc8 11. Nd4 Qa5 12. Qd2 O-O 13. h4 Nxd4 14. Bxd4 Bxd4 15.
Qxd4 Rc7 16. a3 Rfc8 17. f4 Rxc3 18. bxc3 Rxc3 19. Qd2 Nc5 20. Bd3 Nxe4 21.
Bxe4 Re3+ 22. Kd1 Qxd2+ 23. Kxd2 Rxe4 24. Rhf1 Rd4+ 25. Kc3 Rc4+ 26. Kb2 Bf5
27. Rf2 Kf8 28. Re1 Ke8 29. Re3 Kd7 30. Rb3 b6 31. Rb4 Rc5 32. Rb3 Rd5 33. Rh2
Rd1 34. Rf3 b5 35. Rff2 Rd4 36. h5 e6 37. h6 a6 38. Rhg2 Be4 39. Rg3 Bd5 40.
Rd3 Re4 41. Kc3 Ke7 42. Rd4 Re3+ 43. Rd3 Re1 44. Kb4 f6 45. Rc3 Re4+ 46. Ka5
Ra4+ 47. Kb6 Bc4 48. Re3 f5 49. Rd2 b4 50. Kc7 d5 51. axb4 Rxb4 52. c3 Rb1 53.
Kc6 a5 54. Rf3 a4 55. Rff2 a3 56. Kc5 Kd7 57. Rc2 Rb5+ 58. Kd4 Kd6 59. Rc1 Ra5
60. Rb1 a2 61. Ra1 Ra4 62. Rb2 Bb3+ 63. Kd3 Bc4+ 64. Kd4 Kc7 65. Ke5 Ra7 66.
Kf6 Kc6 67. Rb8 d4 68. Rc8+ Kd5 69. Rd8+ Kc6 70. Rxd4 Kb5 71. Rd2 e5 72. Kxe5
Kc5 73. Rd8 Re7+ 74. Kf6 Rf7+ 75. Ke5 Rc7 76. Re8 Rc6 77. Re7 Bb3 78. c4 Bxc4
79. Rc1 Kb4 80. Kd4 Rd6+ 81. Ke3 Rd3+ 82. Kf2 Rd2+ 83. Ke1 Rh2 84. Ra7 Bb5 85.
Rcc7 Ba4 86. Rab7+ Bb5 87. Ra7 Ba4 88. Rab7+ Ka5 89. Ra7+ Kb4 90. Rab7+ Bb5 91.
Ra7 Bc4 92. Rxh7 a1=Q+ 93. Rxa1 Rh1+ 94. Kf2 Rxa1 95. Rg7 Ra2+ 96. Ke3 Rd2 97.
Kf3 Rh2 98. Rxg6 Bd5+ 99. Kg3 Rg2+ 100. Kh3 Rg1 101. Rf6 Kc4 102. Kh4 Kd4 103.
Kh5 Ke4 104. Kg6 Kxf4 105. Rxf5+ Ke4 106. h7 Rh1 107. Rf8 Be6 108. h8=Q 1-0

[Event "FIRST SATURDAY IM  FEB 2013"]
[Site "Budapest"]
[Date "2013.02.09"]
[Round "7.4"]
[White "Kojima, Shinya"]
[Black "Keschitz, Gyorgy"]
[Result "1-0"]
[WhiteElo "2368"]
[BlackElo "2214"]
[PlyCount "69"]
[EventDate "2012.02.02"]

1. Nf3 Nf6 2. c4 g6 3. g3 Bg7 4. Bg2 O-O 5. O-O d6 6. d4 c6 7. Nc3 a5 8. e4 Na6
9. h3 e5 10. Be3 exd4 11. Nxd4 Re8 12. Qc2 Nc5 13. Rad1 Qb6 14. Nb3 Nfd7 15.
Rxd6 Qb4 16. Rfd1 Be5 17. Nxc5 Nxc5 18. Rd8 Be6 19. Rxa8 Rxa8 20. Nd5 cxd5 21.
cxd5 Bd7 22. Bxc5 Rc8 23. Bxb4 Rxc2 24. Bxa5 Rxb2 25. a3 Bd6 26. Rc1 Bxa3 27.
Rc7 Be8 28. Rc8 Kf8 29. e5 Rb1+ 30. Kh2 f6 31. d6 Rd1 32. Bf3 Rd3 33. Be2 Rd5
34. Bc4 Rd4 35. Bb5 1-0

[Event "FIRST SATURDAY IM  FEB 2013"]
[Site "Budapest"]
[Date "2013.02.09"]
[Round "7.5"]
[White "Kislik, Erik Andrew"]
[Black "Zhou, Guijue"]
[Result "1-0"]
[WhiteElo "2359"]
[BlackElo "2178"]
[PlyCount "99"]
[EventDate "2012.02.02"]

1. d4 g6 2. c4 Bg7 3. e4 d6 4. f3 e5 5. d5 a5 6. Be3 f5 7. Nc3 Bd7 8. Qd2 Na6
9. O-O-O Nf6 10. h3 Qe7 11. Bd3 Nc5 12. Bc2 b6 13. Nge2 f4 14. Bf2 O-O 15. b3
Rfb8 16. Nb5 Na6 17. Kb2 Be8 18. a3 Bd7 19. Ra1 Ne8 20. Rhd1 Bf8 21. Nec3 Kh8
22. Ra2 c6 23. dxc6 Bxc6 24. Nd5 Bxd5 25. Qxd5 Nac7 26. Qd2 Nxb5 27. cxb5 Nc7
28. Bd3 Ne6 29. Bc4 Nc5 30. Kb1 Ra7 31. Rc2 Rd7 32. Qd5 Kg7 33. b4 axb4 34.
axb4 Nb7 35. Bxb6 Nd8 36. Ba5 Kf6 37. Rdc1 Ne6 38. Qxe6+ Qxe6 39. Bxe6 Kxe6 40.
Rc8 Rdb7 41. b6 Be7 42. R8c6 Kd7 43. Rc7+ Ke6 44. Rxb7 Rxb7 45. Rc8 h5 46. Kc2
Bh4 47. Kd3 Bf2 48. Rc6 Rb8 49. Kc4 g5 50. Kb5 1-0

[Event "FIRST SATURDAY IM  FEB 2013"]
[Site "Budapest"]
[Date "2013.02.10"]
[Round "8.1"]
[White "Farkas, Lajos Dr"]
[Black "Zhou, Guijue"]
[Result "0-1"]
[WhiteElo "2228"]
[BlackElo "2178"]
[PlyCount "78"]
[EventDate "2012.02.02"]

1. d4 g6 2. e4 d6 3. Nc3 Bg7 4. Be3 a6 5. f4 b5 6. Nf3 Bb7 7. e5 e6 8. Bd3 Nd7
9. Ne4 Qe7 10. Qe2 f5 11. Ned2 Nh6 12. h4 Ng4 13. h5 O-O-O 14. a4 Nxe3 15. Qxe3
dxe5 16. fxe5 bxa4 17. h6 Bf8 18. Nc4 Nb6 19. Nxb6+ cxb6 20. Rxa4 b5 21. Ra2
Qb4+ 22. c3 Qb3 23. Ra1 Be7 24. O-O g5 25. Rfc1 g4 26. Ne1 Kb8 27. c4 Rhg8 28.
Qe2 Rxd4 29. cxb5 a5 30. Bc4 Qg3 31. Bxe6 Rgd8 32. Qc2 Qe3+ 33. Kf1 Qxe5 34. b6
Qb5+ 35. Kg1 Qxb6 36. Kh1 g3 37. Nf3 Bxf3 38. gxf3 Rh4+ 39. Kg2 Rh2+ 0-1

[Event "FIRST SATURDAY IM  FEB 2013"]
[Site "Budapest"]
[Date "2013.02.10"]
[Round "8.2"]
[White "Keschitz, Gyorgy"]
[Black "Kislik, Erik Andrew"]
[Result "1/2-1/2"]
[WhiteElo "2214"]
[BlackElo "2359"]
[PlyCount "102"]
[EventDate "2012.02.02"]

1. Nf3 c5 2. g3 Nc6 3. Bg2 g6 4. d3 d5 5. O-O Bg7 6. c3 Nf6 7. a4 O-O 8. Na3 e5
9. e4 h6 10. exd5 Nxd5 11. Re1 Be6 12. Nc4 Qc7 13. Nfd2 Rad8 14. a5 b5 15. axb6
axb6 16. Qb3 Rb8 17. Qb5 Rfd8 18. Nf1 Na7 19. Qa6 Nc6 20. f4 Rb7 21. Bd2 exf4
22. Bxd5 Bxd5 23. Bxf4 Qd7 24. Nxb6 Rxb6 25. Qxb6 g5 26. Bd2 Ne5 27. Rxe5 Bxe5
28. Ra7 Qd6 29. Qxd6 Bxd6 30. Ra5 Be6 31. Be3 Rb8 32. Bxc5 Bxc5+ 33. Rxc5 Rxb2
34. Re5 Bh3 35. Re1 Rg2+ 36. Kh1 Rc2 37. c4 Rc3 38. Rd1 Bxf1 39. Rxf1 Rxd3 40.
Rc1 Kf8 41. c5 Ke7 42. c6 Rd8 43. Kg2 Rc8 44. Kf3 Kd6 45. Kg4 Rxc6 46. Rxc6+
Kxc6 47. h4 gxh4 48. Kxh4 Kd5 49. Kh5 Ke4 50. Kxh6 Kf3 51. Kg5 Kxg3 1/2-1/2

[Event "FIRST SATURDAY IM  FEB 2013"]
[Site "Budapest"]
[Date "2013.02.10"]
[Round "8.3"]
[White "Szalanczy, Emil"]
[Black "Kojima, Shinya"]
[Result "0-1"]
[WhiteElo "2234"]
[BlackElo "2368"]
[PlyCount "102"]
[EventDate "2012.02.02"]

1. e4 c6 2. d4 d5 3. e5 c5 4. dxc5 Nc6 5. Bb5 e6 6. Qd4 h5 7. Bxc6+ bxc6 8. Qa4
Qc7 9. Be3 Nh6 10. c3 Ng4 11. Nf3 Nxe3 12. fxe3 Bxc5 13. Nbd2 Bxe3 14. O-O-O
Rb8 15. Rhe1 Qb6 16. Qb3 Qxb3 17. axb3 Bb6 18. Kc2 Bd7 19. Ra1 Ke7 20. Ra4 Rh6
21. Rea1 Rg8 22. b4 c5 23. Rxa7 Bxa7 24. Rxa7 cxb4 25. cxb4 Rg6 26. Nb3 Rxg2+
27. Kb1 Rg4 28. Nc5 Rd8 29. Rb7 Ke8 30. b5 Rc4 31. Na6 Bc8 32. Ra7 Rd7 33. Ra8
Rb7 34. Nd2 Kd8 35. Nxc4 dxc4 36. Nb4 Rxb5 37. Nc6+ Kd7 38. Rxc8 Rc5 39. Rg8
Kxc6 40. Rxg7 Rxe5 41. Rxf7 Re2 42. Rf4 Rxh2 43. Rxc4+ Kd5 44. Rc8 h4 45. b4 h3
46. Rc5+ Kd6 47. Rc3 Rh1+ 48. Kb2 h2 49. Rh3 Kc6 50. Rh5 e5 51. Ka2 e4 0-1

[Event "FIRST SATURDAY IM  FEB 2013"]
[Site "Budapest"]
[Date "2013.02.10"]
[Round "8.4"]
[White "Koczo, Kristof"]
[Black "Balint, Vilmos"]
[Result "1-0"]
[WhiteElo "2236"]
[BlackElo "2254"]
[PlyCount "135"]
[EventDate "2012.02.02"]

1. d4 c5 2. d5 e5 3. e4 d6 4. Nc3 a6 5. a4 b6 6. Be2 g6 7. Bg4 Nd7 8. b3 Bg7 9.
Nf3 Ngf6 10. Bh3 O-O 11. O-O h6 12. Nd2 Nh7 13. Nc4 Qc7 14. a5 b5 15. Bxd7 Bxd7
16. Nb6 Ra7 17. Nxd7 Qxd7 18. Be3 f5 19. f3 f4 20. Bf2 Bf6 21. Qe2 Bd8 22. Rfb1
b4 23. Na4 Qb5 24. Qxb5 axb5 25. Nxc5 dxc5 26. Bxc5 Ra6 27. Bxf8 Kxf8 28. Kf1
Be7 29. Rc1 Ke8 30. c4 bxc4 31. Rxc4 Nf8 32. Rc6 Ra7 33. a6 Nd7 34. Ke2 Bc5 35.
Kd3 Bd4 36. Ra2 Kf7 37. Kc4 Bc3 38. Kb5 h5 39. Rd6 Bd4 40. Rc2 Bc3 41. Rc6 g5
42. Rh6 Nf6 43. Rh8 Ne8 44. Rh7+ Ng7 45. Rh6 Ne8 46. Rb6 Ra8 47. Rb7+ Kf6 48.
a7 Nd6+ 49. Ka6 Nc8 50. Rc7 Nxa7 51. Rxa7 Rg8 52. d6 g4 53. d7 Ke6 54. h3 gxf3
55. gxf3 Kd6 56. Rg2 Rd8 57. Rg6+ Kc5 58. Rc7+ Kd4 59. Rd6+ Ke3 60. Rc8 Rxd7
61. Rxd7 Kxf3 62. Rc4 Ke3 63. Kb5 f3 64. Rf7 Bd4 65. Rxb4 Kxe4 66. Rxd4+ exd4
67. Kc4 Ke3 68. Re7+ 1-0

[Event "FIRST SATURDAY IM  FEB 2013"]
[Site "Budapest"]
[Date "2013.02.10"]
[Round "8.5"]
[White "Szeberenyi, Adam"]
[Black "Lyell, Mark"]
[Result "0-1"]
[WhiteElo "2328"]
[BlackElo "2200"]
[PlyCount "40"]
[EventDate "2012.02.02"]

1. d4 d5 2. Nf3 Nf6 3. c4 dxc4 4. e3 Bg4 5. Bxc4 e6 6. Nbd2 Nbd7 7. O-O Be7 8.
h3 Bh5 9. g4 Bg6 10. Ne5 Nxe5 11. dxe5 Nd5 12. Qe2 h5 13. f4 hxg4 14. hxg4 Bc5
15. f5 Bxe3+ 16. Kg2 Qh4 17. Kf3 Qh3+ 18. Ke4 exf5+ 19. gxf5 Bxf5+ 20. Rxf5
Rh4+ 0-1

[Event "FIRST SATURDAY IM  FEB 2013"]
[Site "Budapest"]
[Date "2013.02.11"]
[Round "9.1"]
[White "Lyell, Mark"]
[Black "Farkas, Lajos Dr"]
[Result "1-0"]
[WhiteElo "2200"]
[BlackElo "2228"]
[PlyCount "136"]
[EventDate "2012.02.02"]

1. e4 c6 2. d4 d5 3. exd5 cxd5 4. c4 Nf6 5. Nc3 Nc6 6. Bg5 dxc4 7. Bxc4 h6 8.
Bh4 e6 9. Nf3 Be7 10. O-O O-O 11. Re1 b6 12. Qd2 Bb7 13. Rad1 Na5 14. Bd3 Rc8
15. Ne5 Nd5 16. Bxe7 Qxe7 17. Bb1 Qg5 18. Nxd5 Bxd5 19. f4 Qd8 20. b3 f5 21.
Rc1 Qd6 22. Ng6 Rxc1 23. Rxc1 Rd8 24. Qf2 Bb7 25. Rd1 Nc6 26. d5 Ne7 27. Nxe7+
Qxe7 28. g4 g6 29. gxf5 gxf5 30. h3 Kh7 31. Kh2 Rxd5 32. Rxd5 Bxd5 33. Qd2 Qc5
34. Bd3 Kg6 35. Bf1 Be4 36. Qe1 Qc2+ 37. Kg1 Qc5+ 38. Kh2 Qc2+ 39. Kg1 Qc7 40.
Qg3+ Kh7 41. Bc4 Qc5+ 42. Kf1 Qd6 43. Qh4 Kg7 44. Ke2 Qd7 45. Qg3+ Kh7 46. a4
Qf7 47. Qc3 Qh5+ 48. Kd2 Qh4 49. Qe3 Qf6 50. Qc3 Kg7 51. Bxe6 Qxc3+ 52. Kxc3
Kf6 53. Bd7 Ke7 54. Bc8 Kd6 55. b4 Kc7 56. Ba6 Kd6 57. Kd4 Bg2 58. h4 Bf3 59.
Bd3 Bg4 60. Kc4 Bh3 61. Kb5 Kc7 62. Ka6 Kb8 63. a5 bxa5 64. bxa5 Bg2 65. Kb5
Kc7 66. Bxf5 Bf1+ 67. Kc5 Kb7 68. Be6 Bg2 1-0

[Event "FIRST SATURDAY IM  FEB 2013"]
[Site "Budapest"]
[Date "2013.02.11"]
[Round "9.2"]
[White "Balint, Vilmos"]
[Black "Szeberenyi, Adam"]
[Result "1-0"]
[WhiteElo "2254"]
[BlackElo "2328"]
[PlyCount "77"]
[EventDate "2012.02.02"]

1. e4 c5 2. Nf3 e6 3. d4 cxd4 4. Nxd4 a6 5. Bd3 Bc5 6. Nb3 Ba7 7. Qe2 Nc6 8.
Be3 Nge7 9. Bxa7 Rxa7 10. O-O e5 11. Bc4 O-O 12. Nc3 Ng6 13. a4 d6 14. Qe3 Be6
15. Bd5 Ra8 16. Rfd1 Qe7 17. Rd2 Rfd8 18. g3 Rac8 19. Qb6 Rd7 20. f3 Qg5 21.
Kh1 Bxd5 22. Rxd5 Nd4 23. f4 Nxf4 24. gxf4 Qxf4 25. Rxd4 Qf3+ 26. Kg1 exd4 27.
Qxd4 Qg4+ 28. Kf1 Re7 29. Re1 Qh3+ 30. Ke2 Qxh2+ 31. Kd1 b5 32. axb5 axb5 33.
Qd3 Rec7 34. Qxb5 h5 35. Nd4 h4 36. Qg5 Ra8 37. Re2 Qh1+ 38. Kd2 f6 39. Qd5+
1-0

[Event "FIRST SATURDAY IM  FEB 2013"]
[Site "Budapest"]
[Date "2013.02.11"]
[Round "9.3"]
[White "Kojima, Shinya"]
[Black "Koczo, Kristof"]
[Result "0-1"]
[WhiteElo "2368"]
[BlackElo "2236"]
[PlyCount "52"]
[EventDate "2012.02.02"]

1. Nf3 d5 2. d4 Nf6 3. c4 c6 4. Nc3 dxc4 5. a4 Bf5 6. e3 e6 7. Bxc4 Bb4 8. O-O
O-O 9. Nh4 Bg4 10. f3 Bh5 11. g4 Bg6 12. e4 Nbd7 13. g5 Ne8 14. Nxg6 hxg6 15.
Be3 Nd6 16. Be2 e5 17. dxe5 Nxe5 18. Qd4 Ndc4 19. Bxc4 Qxd4 20. Bxd4 Nxc4 21.
Kg2 Rfd8 22. Ne2 c5 23. Rac1 Rxd4 24. Nxd4 Ne3+ 25. Kf2 Nxf1 26. Nb3 Nd2 0-1

[Event "FIRST SATURDAY IM  FEB 2013"]
[Site "Budapest"]
[Date "2013.02.11"]
[Round "9.4"]
[White "Kislik, Erik Andrew"]
[Black "Szalanczy, Emil"]
[Result "0-1"]
[WhiteElo "2359"]
[BlackElo "2234"]
[PlyCount "94"]
[EventDate "2012.02.02"]

1. e4 c5 2. Nf3 d6 3. d4 cxd4 4. Nxd4 Nf6 5. Nc3 g6 6. Be3 Bg7 7. f3 Nc6 8. Qd2
O-O 9. O-O-O a5 10. Kb1 a4 11. a3 Bd7 12. g4 Rc8 13. h4 Ne5 14. h5 Rc5 15. Be2
Qa5 16. hxg6 fxg6 17. g5 Nh5 18. Nf5 Bxf5 19. Bxc5 Qxc5 20. exf5 Rxf5 21. Nd5
Rf7 22. f4 Nc4 23. Bxc4 Qxc4 24. f5 Be5 25. Qa5 Qc8 26. Qxa4 Kg7 27. Nxe7 Rxe7
28. f6+ Nxf6 29. gxf6+ Bxf6 30. Rxd6 Qf5 31. Rhd1 b5 32. Qb3 h5 33. R6d5 Qe4
34. Qxb5 h4 35. Rd7 h3 36. Qd3 Qxd3 37. R7xd3 h2 38. R3d2 Be5 39. Rg2 Re8 40.
b4 Rh8 41. Rh1 Kf6 42. Ka2 g5 43. a4 Kf5 44. a5 g4 45. Rf2+ Kg5 46. Re2 Bf4 47.
a6 g3 0-1

[Event "FIRST SATURDAY IM  FEB 2013"]
[Site "Budapest"]
[Date "2013.02.11"]
[Round "9.5"]
[White "Zhou, Guijue"]
[Black "Keschitz, Gyorgy"]
[Result "0-1"]
[WhiteElo "2178"]
[BlackElo "2214"]
[PlyCount "114"]
[EventDate "2012.02.02"]

1. e4 c5 2. Nf3 e6 3. b3 a6 4. Bb2 Nc6 5. a3 d6 6. d4 cxd4 7. Nxd4 Bd7 8. Bd3
Nf6 9. O-O Be7 10. Nd2 O-O 11. Kh1 Qc7 12. Qe2 Nxd4 13. Bxd4 e5 14. Bb2 Bg4 15.
f3 Bh5 16. Nc4 Rae8 17. Ne3 d5 18. Nxd5 Nxd5 19. exd5 Bd6 20. Qf2 f5 21. Qh4
Bg6 22. c4 a5 23. Rfc1 e4 24. Be2 Qb6 25. Bd1 Qe3 26. Rc3 Qd2 27. Rc2 Qd3 28.
Qf2 e3 29. Qe2 f4 30. Rc3 Qd2 31. Rac1 Be5 32. Kg1 Bd4 33. Kf1 Re5 34. R1c2
Bxc2 35. Rxc2 Qxe2+ 36. Bxe2 Bxb2 37. Rxb2 Rc8 38. Rb1 Kf8 39. Rd1 Ke7 40. g3
g5 41. Rd4 Rf8 42. b4 axb4 43. axb4 Ra8 44. gxf4 Ra1+ 45. Kg2 gxf4 46. Re4 Rxe4
47. fxe4 Kd6 48. c5+ Ke5 49. Kf3 Ra2 50. d6 Rc2 51. b5 Rd2 52. b6 Ke6 53. e5
Kxe5 54. c6 Rxd6 55. c7 Rc6 56. Bb5 Rc2 57. Bd7 h5 0-1